000 00890nam a22002657a 4500
003 DO-SdBNP
005 20220530131310.0
007 ta
008 220530b2009 dr ||||| |||| 00| 0 spa d
020 _a9789945871548
040 _aDO-SdBNP
_bspa
_cBNPHU
082 4 _a346.07
_bR426L, 2009
_222
110 1 _aRepública Dominicana.
_9447
240 1 2 _a[Leyes, etc.]
245 1 0 _aLey No. 479-08 :
_bley general de las sociedades comerciales y empresas individuales de responsabilidad limitada
260 _aSanto Domingo :
_bFilantrópica,
_c2009.
300 _a167 p. ;
_c23 cm.
590 _aInventariado, 2022/BT
650 4 _aDerecho comercial
_zRepública Dominicana
_914449
650 4 _aSociedades comerciales
_xLegislación
_95941
650 4 _aCompañías
_xLegislación
_930887
651 4 _aRepública Dominicana
_xLey 479-08
_910079
910 _aBtavárez
942 _2ddc
_cLBS1
999 _c51845
_d51845